000 00306nam a22001337a 4500
008 170926b xxu||||| |||| 00| 0 eng d
020 _a0804718016
041 _aeng
080 _a37
100 _a46
101 _aEDU
245 _aLEO SPITZER REPRESENTATIVE ESSAYS
_cFORCIONE.A.K
942 _2udc
_cBK
999 _c29745
_d29745